Normal view MARC view
  • Japan

Entry Geographic Name

Number of records used in: 1

001 - CONTROL NUMBER

  • control field: 102049

003 - CONTROL NUMBER IDENTIFIER

  • control field: NUST

005 - DATE AND TIME OF LATEST TRANSACTION

  • control field: 20221031154944.0

008 - FIXED-LENGTH DATA ELEMENTS

  • fixed length control field: 221031|| aca||aabn | a|a d

040 ## - CATALOGING SOURCE

  • Original cataloging agency: NUST
  • Transcribing agency: NUST

151 ## - HEADING--GEOGRAPHIC NAME

  • Geographic name: Japan
  • General subdivision: Relations
  • Geographic subdivision: East Asia

670 ## - SOURCE DATA FOUND

  • Source citation: Work cat.: (NUST)0: Ambaras, David Richard, 1962- author. 102048, Japan's imperial underworlds :
© 2023 Central Library, National University of Sciences and Technology. All Rights Reserved.